|
|
|
|
| LEADER |
01769nam a2200337 a 4500 |
| 001 |
0016937 |
| 003 |
BD-DhAAL |
| 008 |
100929r20092005enka b 001 0 eng d |
| 010 |
|
|
|a 2004047708
|
| 020 |
|
|
|a 0321210255 (pbk.)
|
| 020 |
|
|
|a 9788131720257
|
| 040 |
|
|
|a DLC
|c DLC
|d DLC
|d BD-DhAAL
|
| 082 |
0 |
0 |
|a 005.74
|2 22
|
| 100 |
1 |
|
|a Connolly, Thomas M.
|9 58614
|
| 245 |
1 |
0 |
|a Database systems :
|b a practical approach to design, implementation, and management /
|c Thomas M. Connolly, Carolyn E. Begg.
|
| 250 |
|
|
|a Fourth edition.
|
| 260 |
|
|
|a Harlow, Essex, England ;
|a New York :
|b Addison-Wesley, ;
|a New Delhi :
|b Pearson Eduaction,
|c c2005 [reprinted 2009].
|
| 300 |
|
|
|a l, 1374 p. :
|b ill. ;
|c 24 cm
|
| 490 |
0 |
|
|a International computer science series.
|
| 504 |
|
|
|a Includes bibliographical references (p. [1332]-1344) and index.
|
| 526 |
|
|
|a CSE
|x Dr. Mumit Khan
Professor and Chairperson
Department of Computer Science and Engineering
BRAC University
|
| 541 |
1 |
|
|e 0016937, 0021137
|a Smart Books
|
| 650 |
|
0 |
|a Database design.
|9 58615
|
| 650 |
|
0 |
|a Database management.
|
| 700 |
1 |
|
|a Begg, Carolyn E.
|9 58616
|
| 830 |
|
|
|a International computer science series
|9 58617
|
| 852 |
4 |
|
|a Ayesha Abed Library
|c General Stacks
|
| 942 |
0 |
0 |
|0 2
|2 ddc
|c BK
|
| 999 |
|
|
|c 9604
|d 9604
|
| 952 |
|
|
|0 0
|1 0
|2 ddc
|4 0
|6 005_740000000000000_CON_2009
|7 0
|9 12223
|a BRACUL
|b BRACUL
|c GEN
|d 2010-09-30
|g 733.95
|l 10
|m 111
|o 005.74 CON
|p 3010021137
|r 2026-03-28
|s 2026-02-18
|t 2
|w 2010-09-30
|y BK
|
| 952 |
|
|
|0 0
|1 0
|2 ddc
|4 0
|6 005_740000000000000_CON_2007
|7 0
|9 12955
|a BRACUL
|b BRACUL
|c GEN
|d 2010-11-01
|e Smart Books
|g 733.00
|l 10
|m 61
|o 005.74 CON
|p 3010016937
|r 2024-12-09
|s 2024-10-27
|t 1
|w 2010-11-01
|y BK
|x Requisitioned by Dr. Mumit Khan (Professor and Chairperson, Department of Computer Science and Engineering, BRAC University).
|